Risk Board Quiz - Statistics

General Stats
  • This quiz has been taken 36 times
  • The average score is 34 of 42
Answers on the Map
Answers color-coded by a green-red scale on the quiz's map according to % correct below.
 
Answer Stats
Continent Territory % Correct
Europe Iceland
93%
Asia India
93%
Europe Scandinavia
93%
Europe Southern Europe
93%
North America Alaska
90%
South America Brazil
90%
Asia China
90%
Australia Eastern Australia
90%
Europe Great Britain
90%
North America Greenland
90%
Australia Indonesia
90%
Africa Madagascar
90%
South America Peru
90%
North America Quebec
90%
Africa South Africa
90%
Australia Western Australia
90%
Europe Western Europe
90%
South America Argentina
86%
Europe Northern Europe
86%
Africa Congo
83%
Africa East Africa
83%
Asia Japan
83%
Asia Siberia
83%
North America Central America
79%
North America Eastern United States
79%
Africa Egypt
79%
Asia Middle East
79%
Australia New Guinea
79%
North America Ontario
79%
North America Western United States
79%
Asia Mongolia
76%
Africa North Africa
76%
South America Venezuela
76%
North America Northwest Territory
72%
Asia Afghanistan
69%
Asia Kamchatka
69%
Europe Ukraine
69%
Asia Ural
69%
North America Alberta
66%
Asia Siam
62%
Asia Yakutsk
62%
Asia Irkutsk
55%
No matching quizzes found
Score Distribution
Percent of People with Each Score
Percentile by Number Answered
Your Score History
You have not taken this quiz